| 000 | 01213nam a2200361 i 4500 | ||
|---|---|---|---|
| 001 | 35825 | ||
| 003 | KOSZ 005 | ||
| 005 | 20210120115937.0 | ||
| 008 | 000112s1999 pl f f |000 0 pol | ||
| 020 | _a8371871929 | ||
| 040 |
_cKOSZ 005 _aKOSZ 005 _dKOSZ 005/HR |
||
| 046 | _k1999 | ||
| 080 | _a658.56 | ||
| 080 | _a005.6 | ||
| 245 | 0 | 0 |
_aZarządzanie jakością : _bwybrane zagadnienia / _cpod red. Witolda Nierzwickiego ; [aut.] Ewa Malinowska [et al.]. |
| 260 |
_aGdańsk : _bOśrodek Doradztwa i Doskonalenia Kadr, _c1999. |
||
| 300 |
_a204 s. : _bwykr. ; _c24 cm. |
||
| 336 |
_2rdacontent _aTekst _btxt |
||
| 337 |
_2rdamedia _aBez urządzenia pośedniczącego _bn |
||
| 338 |
_2rdacarrier _aWolumin _bnc |
||
| 380 | _aKsiążki | ||
| 380 | _aPublikacje fachowe | ||
| 388 | _a1901-2000 | ||
| 388 | _a1989-2000 | ||
| 504 | _aBibliogr. s. 201-204. | ||
| 650 | 4 | _aZarządzanie jakością | |
| 650 | 4 | _aJakość produktu | |
| 658 | _aZarządzanie i marketing | ||
| 700 | 1 |
_aMalinowska, Ewa _eAutor |
|
| 700 | 1 |
_aNierzwicki, Witold _eRedakcja |
|
| 856 |
_uhttp://koha.tu.koszalin.pl/cgi-bin/koha/opac-detail.pl?biblionumber=35825 _yKatalog online BPK |
||
| 942 |
_cKS _2UKD |
||
| 999 |
_c35825 _d35825 |
||